000 00427nam a2200145Ia 4500
008 220326s9999||||xx |||||||||||||| ||und||
020 _a979-456-032-4
084 _a10100 DEV Gov Bo.2b
100 _aNick Devas
245 0 _aKeuangan Pemerintah Daerah di Indonesia
260 _aJakarta
_bUI Press
_c1989
300 _axii + 323 halaman
650 _aGovernment (Pemerintahan)
_eG-O-V
_yKeuangan Pemerintah daerah
942 _cBK
999 _c12651
_d12651